Starkid Musicals - Statistics

General Stats
  • This quiz has been taken 53 times
    39 since last reset
  • The average score is 11 of 14
Answer Stats
Year Production % Correct
2009 A Very Potter Musical
93%
2018 The Guy Who Didn't Like Musicals
89%
2019 Black Friday
86%
2023 Nerdy Prudes Must Die
86%
2013 Twisted: The Untold Story of a Royal Vizier
86%
2010 A Very Potter Sequel
82%
2012 A Very Potter Senior Year
79%
2014 The Trail To Oregon
75%
2009 Me And My Dick
71%
2016 Firebringer
68%
2012 Holy Musical B@tman
61%
2011 Starship
61%
2014 Ani
57%
2025 Cinderella's Castle
57%
No matching quizzes found
Score Distribution
Percent of People with Each Score
Percentile by Number Answered
Your Score History
You have not taken this quiz since the last reset